000 00708nam a2200253Ia 4500
003 OSt
005 20220918220534.0
006 a|||||r|||| 00| 0
007 ta
008 220917b |||||||| |||| 00| 0 eng d
024 _a146,315
037 _cTextual
040 _aARTS
_cARTS
_beng
041 _2eng
_aeng
082 _aY9(Q65):1.N7, L7
100 _aCarroll John
_97236
245 0 _aPuritan paranoid remissive
_b A sociology of modern culture
260 _aLondon
_bRoutledge and Kegan Paul
_c1977
300 _axi, 148p.
_ccm.
500 _aBibliography p137-138
650 _aSOCIOLOGY
942 _hY9(Q65):1.N7, L7
_cTEXL
_2CC
999 _c269071
_d269071